Digital Circuits and Design (Record no. 1197)

MARC details
000 -LEADER
Fixed length control field 00517nam a2200181 4500
003 - CONTROL NUMBER IDENTIFIER
Control field SEACOMMC
005 - DATE AND TIME OF LATEST TRANSACTION
Control field 20250411142152.0
008 - FIXED-LENGTH DATA ELEMENTS--GENERAL INFORMATION
Fixed length control field 250411b |||||||| |||| 00| 0 eng d
020 ## - INTERNATIONAL STANDARD BOOK NUMBER / ISBN
International Standard Book Number 978-81-2592-063-2
Price Rs.245.00
040 ## - CATALOGING SOURCE
Original cataloging agency SEACOMMC
082 ## - DEWEY DECIMAL CLASSIFICATION NUMBER
Classification number 621.3815
Book Number S167
100 ## - MAIN ENTRY--PERSONAL NAME
Personal name Salivahanan, S
245 1# - TITLE STATEMENT
Title Digital Circuits and Design
Statement of responsibility S. Salivahanan [and] S. Arivazhagan
250 ## - EDITION STATEMENT
Edition statement 3rd ed.
260 ## - IMPRINT
Place of publication New Delhi
Name of publisher Vikas Publishing House
Date of publication 2006
650 ## - SUBJECT ADDED ENTRY--TOPICAL TERM
Topical term Computer-Digital Circuits
942 ## - ADDED ENTRY ELEMENTS (KOHA)
Koha item type Books
Holdings
Withdrawn status Lost status Source of classification Damaged status Not for loan Home library Current library Shelving location Date acquired Total Checkouts Call number Accession number Date last seen Price effective from Koha item type Date checked out Copy number
    Dewey Decimal Classification     SEACOM MANAGEMENT COLLEGE SEACOM MANAGEMENT COLLEGE Reference 22/09/2007   621.3815 S167 M-54 11/04/2025 11/04/2025 Reference Books    
    Dewey Decimal Classification     SEACOM MANAGEMENT COLLEGE SEACOM MANAGEMENT COLLEGE   22/09/2007 1 621.3815 S167 M-55 14/04/2026 11/04/2025 Books 06/11/2025 1
    Dewey Decimal Classification     SEACOM MANAGEMENT COLLEGE SEACOM MANAGEMENT COLLEGE   22/09/2007   621.3815 S167 M-56 11/04/2025 11/04/2025 Books   2
    Dewey Decimal Classification     SEACOM MANAGEMENT COLLEGE SEACOM MANAGEMENT COLLEGE   22/09/2007   621.3815 S167 M-57 11/04/2025 11/04/2025 Books   3
    Dewey Decimal Classification     SEACOM MANAGEMENT COLLEGE SEACOM MANAGEMENT COLLEGE   22/09/2007   621.3815 S167 M-58 11/04/2025 11/04/2025 Books   4
    Dewey Decimal Classification     SEACOM MANAGEMENT COLLEGE SEACOM MANAGEMENT COLLEGE   22/09/2007   621.3815 S167 M-59 11/04/2025 11/04/2025 Books   5
    Dewey Decimal Classification     SEACOM MANAGEMENT COLLEGE SEACOM MANAGEMENT COLLEGE   22/09/2007   621.3815 S167 M-60 11/04/2025 11/04/2025 Books   6
    Dewey Decimal Classification     SEACOM MANAGEMENT COLLEGE SEACOM MANAGEMENT COLLEGE   22/09/2007   621.3815 S167 M-61 11/04/2025 11/04/2025 Books   7
    Dewey Decimal Classification     SEACOM MANAGEMENT COLLEGE SEACOM MANAGEMENT COLLEGE   22/09/2007   621.3815 S167 M-62 11/04/2025 11/04/2025 Books   8
    Dewey Decimal Classification     SEACOM MANAGEMENT COLLEGE SEACOM MANAGEMENT COLLEGE   22/09/2007   621.3815 S167 M-63 11/04/2025 11/04/2025 Books   9
© Seacom Engineering College, All rights reserved.    Powered by Koha